[Event "Transcendent Classic I"]
[Site "SchemingMind.com"]
[Date "2012.06.24"]
[Round "-"]
[White "James Reed"]
[Black "Transcendent"]
[Result "0-1"]
[WhiteCountry "ENG"]
[BlackCountry "ENG"]
[WhiteElo "1442"]
[WhiteRD "59"]
[BlackElo "1677"]
[BlackRD "70"]
[GameID "312751"]

1. e4 c6 2. d4 d5 3. exd5 cxd5 4. Nf3 Nc6 5. Bb5 Bg4 6. Nc3 e6 7. a3 Bd6 8. h3 Bh5 9. O-O Nf6 10. Re1 O-O
11. Bg5 Bxf3 12. gxf3 Rc8 13. Qd2 h6 14. Bh4 Be7 15. Bxf6 Bxf6 16. Ne2 a6 17. Bxc6 bxc6 18. Nf4 Bg5 19. Kg2 Qf6 20. Kg3 c5
21. c3 cxd4 22. Rac1 dxc3 23. bxc3 Bxf4+ 24. Qxf4 Qxf4+ 25. Kxf4 Rc4+ 26. Kg3 Rfc8 27. Re3 d4 28. Ree1 Rxc3 29. Rxc3 dxc3 30. Rc1 c2
31. Kg2 f5 32. f4 Kf7 33. Kf3 Kf6 34. Ke3 g5 35. f3 e5 36. fxe5+ Kxe5 37. a4 h5 38. Kd2 Kf4 39. Rxc2 Rxc2+ 40. Kxc2 Kxf3
0-1

[Event "Transcendent Classic I"]
[Site "SchemingMind.com"]
[Date "2012.06.24"]
[Round "-"]
[White "Transcendent"]
[Black "James Reed"]
[Result "0-1"]
[WhiteCountry "ENG"]
[BlackCountry "ENG"]
[WhiteElo "1679"]
[WhiteRD "79"]
[BlackElo "1581"]
[BlackRD "56"]
[GameID "312752"]

1. d4 Nf6 2. c4 g6 3. g3 Bg7 4. Bg2 O-O 5. Nc3 d6 6. Nf3 a6 7. O-O Nbd7 8. e4 c5 9. d5 Ne5 10. Nxe5 Nd7
11. Nxd7 Bxd7 12. Qc2 Re8 13. a4 e6 14. Be3 e5 15. h3 b6
0-1

[Event "Transcendent Classic I"]
[Site "SchemingMind.com"]
[Date "2012.06.28"]
[Round "-"]
[White "Olli Ylönen"]
[Black "Transcendent"]
[Result "1-0"]
[WhiteCountry "FIN"]
[BlackCountry "ENG"]
[WhiteElo "1863"]
[WhiteRD "56"]
[BlackElo "1679"]
[BlackRD "79"]
[GameID "312801"]

1. e4 c6 2. d4 d5 3. exd5 cxd5 4. c4 Nf6 5. Nc3 Nc6 6. Nf3 Bg4 7. cxd5 Nxd5 8. Qb3 Nb6 9. d5 Bxf3 10. gxf3 Nd4
11. Bb5+ Nxb5 12. Nxb5 g6 13. Bf4 Rc8 14. Nxa7
1-0

[Event "Transcendent Classic I"]
[Site "SchemingMind.com"]
[Date "2012.06.28"]
[Round "-"]
[White "Olli Ylönen"]
[Black "James Reed"]
[Result "1-0"]
[WhiteCountry "FIN"]
[BlackCountry "ENG"]
[WhiteElo "1893"]
[WhiteRD "56"]
[BlackElo "1562"]
[BlackRD "60"]
[GameID "312802"]

1. e4 c5 2. c3 d5 3. exd5 Qxd5 4. d4 g6 5. Nf3 Bg7 6. Be3 Bg4 7. Be2 cxd4 8. cxd4 Bxf3 9. Bxf3 Qd6 10. Qa4+ Nd7
11. Nc3 a6 12. Bxb7 Rb8 13. Qxa6 Qxa6 14. Bxa6 e6 15. b3 Ne7 16. Bb5 Nf5 17. Bxd7+ Kxd7 18. O-O-O Nxe3 19. fxe3 Ra8 20. Rhf1 f5
21. Kb1 Ke7 22. d5 Bxc3 23. dxe6 Kxe6 24. Rc1 Bd2 25. Rc2 Bxe3 26. Re2 f4 27. Rxf4 Rhd8 28. Rxe3+ Kd7 29. Rd3+ Kc7 30. Rf7+ Kc8
31. Rxd8+ Kxd8 32. Rf8+
1-0

[Event "Transcendent Classic I"]
[Site "SchemingMind.com"]
[Date "2012.06.28"]
[Round "-"]
[White "Transcendent"]
[Black "Olli Ylönen"]
[Result "0-1"]
[WhiteCountry "ENG"]
[BlackCountry "FIN"]
[WhiteElo "1662"]
[WhiteRD "83"]
[BlackElo "1906"]
[BlackRD "55"]
[GameID "312803"]

1. d4 Nf6 2. c4 g6 3. g3 Bg7 4. Bg2 O-O 5. Nc3 d6 6. Nf3 Nc6 7. O-O a6 8. Qd3 Bd7 9. d5 Nb4 10. Qd1 a5
11. a3 Na6 12. h3 Qc8 13. Kh2 Nc5 14. Nd2 e6 15. Qc2 exd5 16. Nxd5 Nxd5 17. cxd5 c6 18. Ne4 Nxe4 19. Bxe4 Bxh3 20. Rd1 Rd8
21. dxc6 bxc6 22. Bf4 d5 23. Bf3 Bf5 24. e4 dxe4 25. Bxe4 Bxe4 26. Qxe4 Rxd1 27. Rxd1 Bxb2 28. Bh6 Bxa3
0-1

[Event "Transcendent Classic I"]
[Site "SchemingMind.com"]
[Date "2012.06.28"]
[Round "-"]
[White "James Reed"]
[Black "Olli Ylönen"]
[Result "0-1"]
[WhiteCountry "ENG"]
[BlackCountry "FIN"]
[WhiteElo "1562"]
[WhiteRD "60"]
[BlackElo "1893"]
[BlackRD "56"]
[GameID "312804"]

1. e4 e5 2. Nf3 Nc6 3. Bc4 Nf6 4. Nc3 Nxe4 5. Nxe4 d5 6. Nfg5 dxc4 7. Qf3 f5 8. Nc3 Qxg5 9. d3 Qe7 10. Nd5 Qf7
11. c3 cxd3 12. Qxd3 Be6 13. Ne3 e4 14. Qb5 O-O-O 15. O-O Bxa2 16. c4 f4 17. Rxa2 fxe3 18. Bxe3 a5 19. Raa1 Bb4 20. h3 Nd4
21. Bxd4 Rxd4 22. b3 Rg8 23. c5 c6 24. Qe2 h5 25. Rad1 Rxd1 26. Rxd1 Bxc5 27. Qc4 Qxc4 28. bxc4 Rf8 29. Re1 Bxf2+
0-1

[Event "Transcendent Classic I"]
[Site "SchemingMind.com"]
[Date "2012.06.28"]
[Round "-"]
[White "Michal Drus"]
[Black "Olli Ylönen"]
[Result "0-1"]
[WhiteCountry "POL"]
[BlackCountry "FIN"]
[WhiteElo "1645"]
[WhiteRD "57"]
[BlackElo "1845"]
[BlackRD "53"]
[GameID "312808"]

1. e4 e5 2. Nf3 Nc6 3. d4 exd4 4. Nxd4 Bc5 5. Nb3 Bb6 6. Nc3 d6 7. Bb5 Bd7 8. a4 a6 9. Bxc6 Bxc6 10. O-O Nf6
11. Bg5 O-O 12. Qf3 Re8 13. Nd5 Bxd5 14. Qg3 Bxe4 15. Rfe1 Bg6 16. h4 Rxe1+ 17. Rxe1 Bxc2 18. a5 Ba7 19. Nd2 Bg6 20. Ne4 Bxe4
21. Bxf6 Qxf6 22. Rxe4 Qxb2 23. Re7 Bxf2+ 24. Qxf2 Qxf2+ 25. Kxf2 Rc8 26. Ke3 Kf8
0-1

[Event "Transcendent Classic I"]
[Site "SchemingMind.com"]
[Date "2012.06.25"]
[Round "-"]
[White "Michal Drus"]
[Black "Transcendent"]
[Result "0-1"]
[WhiteCountry "POL"]
[BlackCountry "ENG"]
[WhiteElo "1616"]
[WhiteRD "58"]
[BlackElo "1687"]
[BlackRD "88"]
[GameID "312809"]

1. e4 c6 2. Nf3 d5 3. Nc3 Bg4 4. h3 Bxf3 5. Qxf3 dxe4 6. Qxe4 Nf6 7. Qf3 e6 8. d3 Nbd7 9. Bg5 Be7 10. Ne4 Nxe4
11. Bxe7 Qa5+ 12. b4 Qe5 13. Qxe4 Qxa1+
0-1

[Event "Transcendent Classic I"]
[Site "SchemingMind.com"]
[Date "2012.06.26"]
[Round "-"]
[White "Michal Drus"]
[Black "James Reed"]
[Result "0-1"]
[WhiteCountry "POL"]
[BlackCountry "ENG"]
[WhiteElo "1616"]
[WhiteRD "58"]
[BlackElo "1535"]
[BlackRD "70"]
[GameID "312810"]

1. e4 c5 2. Nf3 e6 3. d4 cxd4 4. Nxd4 Nc6 5. Nb5 d6 6. c4 Nf6 7. N5c3 h6 8. Be3 a6 9. Bd3 Be7 10. O-O O-O
11. Qf3 Nb4 12. Qg3 e5 13. Bxh6 Nh5 14. Qf3 Nf4 15. Bxf4 exf4 16. Qh5 Nxd3 17. b3 Ne5 18. Nd5 Bg4 19. Nxe7+ Qxe7 20. Qxg4 Nxg4
21. Nd2 Ne5 22. Rad1 Nd3 23. Rfe1 Nxe1
0-1

[Event "Transcendent Classic I"]
[Site "SchemingMind.com"]
[Date "2012.06.28"]
[Round "-"]
[White "Olli Ylönen"]
[Black "Michal Drus"]
[Result "1-0"]
[WhiteCountry "FIN"]
[BlackCountry "POL"]
[WhiteElo "1845"]
[WhiteRD "53"]
[BlackElo "1645"]
[BlackRD "57"]
[GameID "312811"]

1. e4 c6 2. d4 d5 3. exd5 cxd5 4. c4 Nf6 5. Nc3 e6 6. Nf3 Bb4 7. cxd5 Nxd5 8. Bd2 Nc6 9. Bd3 O-O 10. O-O Nxc3
11. bxc3 Bd6 12. Re1 Qc7 13. Qe2 b6 14. Ne5 Bb7 15. h4 f6 16. Ng4 Rae8 17. g3 Bxg3 18. fxg3 Qxg3+ 19. Qg2 Qxd3 20. Bh6 Rf7
21. Nxf6+
1-0

[Event "Transcendent Classic I"]
[Site "SchemingMind.com"]
[Date "2012.06.25"]
[Round "-"]
[White "Transcendent"]
[Black "Michal Drus"]
[Result "0-1"]
[WhiteCountry "ENG"]
[BlackCountry "POL"]
[WhiteElo "1679"]
[WhiteRD "79"]
[BlackElo "1639"]
[BlackRD "63"]
[GameID "312812"]

1. d4 d5 2. c4 c6 3. Nf3 Nf6 4. Qc2 dxc4 5. Qxc4 Be6 6. Qc2 Bg4 7. Nbd2 Bxf3 8. Nxf3 e6 9. Bg5 Nbd7 10. e3 Bb4+
11. Nd2 Qb6 12. Bd3 O-O 13. O-O h6 14. Nc4 hxg5 15. a3 Qb5 16. axb4 Rfd8
0-1

[Event "Transcendent Classic I"]
[Site "SchemingMind.com"]
[Date "2012.06.26"]
[Round "-"]
[White "James Reed"]
[Black "Michal Drus"]
[Result "1-0"]
[WhiteCountry "ENG"]
[BlackCountry "POL"]
[WhiteElo "1598"]
[WhiteRD "57"]
[BlackElo "1645"]
[BlackRD "57"]
[GameID "312813"]

1. e4 c6 2. d4 d5 3. Nc3 b5 4. a3 dxe4 5. Nxe4 Nf6 6. Nxf6+ exf6 7. Nf3 Bg4 8. Be2 Bd6 9. h3 Bh5 10. d5 O-O
11. Nd4 Bxe2 12. Nxe2 Qa5+ 13. Bd2 Qb6 14. Be3 Bc5 15. Qd2 Bxe3 16. fxe3 Nd7 17. dxc6 Qxc6 18. O-O-O Nc5 19. Kb1 Na4 20. Nd4 Qc5
21. Rhf1 Rab8 22. Rf5 Nc3+ 23. Qxc3 Qxc3 24. bxc3 a6 25. Kb2 Rfe8 26. Rd3 Rb6 27. Kb3 Rc8 28. g3 g6 29. Rd5 f5 30. Rd7 Rc5
31. Nf3 Rc8 32. Rd8+ Rxd8 33. Rxd8+ Kg7 34. Nd4 Rb7 35. Re8 Rc7 36. Ra8 Re7 37. Rxa6 Rxe3 38. Nxb5 Rxg3 39. h4 f4 40. Ra7 Kf6
41. Nd6 Rg4 42. c4 Ke6 43. Nxf7 Rxh4 44. Nd8+ Kd6 45. Kb4 Ke5 46. Re7+ Kd6 47. Re4 Kd7 48. Ne6 Rh2 49. Nf8+ Kd6 50. Rxf4 Ke7
51. c5 g5 52. Rc4 Rh4 53. c6 Kd6 54. c7 Rxc4+ 55. Kxc4 Kxc7 56. Ne6+ Kb6 57. Nxg5 Kc6 58. Nxh7
1-0

[Event "Transcendent Classic I"]
[Site "SchemingMind.com"]
[Date "2012.06.28"]
[Round "-"]
[White "alejandro83"]
[Black "Olli Ylönen"]
[Result "1-0"]
[WhiteCountry "ARG"]
[BlackCountry "FIN"]
[WhiteElo "1920"]
[WhiteRD "75"]
[BlackElo "1877"]
[BlackRD "56"]
[GameID "312853"]

1. e4 e5 2. Nf3 Nc6 3. Bb5 a6 4. Ba4 Nf6 5. O-O Be7 6. Re1 b5 7. Bb3 d6 8. c3 O-O 9. h3 Nb8 10. d4 Nbd7
11. Nbd2 Bb7 12. Bc2 c5 13. dxe5 dxe5 14. Nf1 Re8 15. Ng3 g6 16. a4 c4 17. Bh6 Qc7 18. Qe2 Bf8 19. Bxf8 Rxf8 20. Rad1 Nc5
21. Qe3 bxa4 22. Qg5 Kg7 23. Nf5+ Kg8 24. Qxf6 gxf5 25. Nh4 Bc8 26. exf5 Nd7 27. Rxd7 Qxd7 28. Re3 Rd8 29. Qh6 f6 30. Rg3+ Kf7
31. Qxh7+
1-0

[Event "Transcendent Classic I"]
[Site "SchemingMind.com"]
[Date "2012.06.26"]
[Round "-"]
[White "alejandro83"]
[Black "Transcendent"]
[Result "1-0"]
[WhiteCountry "ARG"]
[BlackCountry "ENG"]
[WhiteElo "1977"]
[WhiteRD "79"]
[BlackElo "1679"]
[BlackRD "79"]
[GameID "312854"]

1. d4 d5 2. c4 c6 3. Nc3 Nf6 4. Nf3 dxc4 5. a4 Bf5 6. Ne5 Nbd7 7. Nxc4 Nb6 8. Ne3 Bg6 9. a5 Nbd5 10. Nexd5 Nxd5
11. Qb3 Rb8 12. f3 e6 13. e4 Nxc3= 14. bxc3 Qc7 15. Be3 h5 16. Bc4 Be7 17. O-O O-O 18. f4 Bxe4 19. Bxe6
1-0

[Event "Transcendent Classic I"]
[Site "SchemingMind.com"]
[Date "2012.06.26"]
[Round "-"]
[White "alejandro83"]
[Black "Michal Drus"]
[Result "0-1"]
[WhiteCountry "ARG"]
[BlackCountry "POL"]
[WhiteElo "1755"]
[WhiteRD "101"]
[BlackElo "1680"]
[BlackRD "60"]
[GameID "312855"]

1. c4 d5 2. d4 c6 3. Nf3 Nf6 4. Nc3 dxc4 5. e4 b5 6. Qc2 Bg4 7. Be3 Bxf3 8. gxf3 e6 9. a4 b4 10. Nd1 Be7
11. Bxc4 O-O 12. h4 c5 13. dxc5 Nbd7 14. c6 Ne5 15. Be2 Rc8 16. Qd2 Qa5 17. Bg5 Rfd8 18. Qf4 Nd3+
0-1

[Event "Transcendent Classic I"]
[Site "SchemingMind.com"]
[Date "2012.06.26"]
[Round "-"]
[White "alejandro83"]
[Black "James Reed"]
[Result "1-0"]
[WhiteCountry "ARG"]
[BlackCountry "ENG"]
[WhiteElo "1920"]
[WhiteRD "75"]
[BlackElo "1535"]
[BlackRD "70"]
[GameID "312856"]

1. Nf3 Nf6 2. c4 e6 3. g3 d5 4. Bg2 Be7 5. d4 O-O 6. Nc3 dxc4 7. Qa4 a6 8. Qxc4 h6 9. O-O Nc6 10. e4 Qd7
11. Rd1 b5 12. Qe2 Bb7 13. Ne5 Nxe5 14. dxe5 Qc8 15. exf6 Bxf6 16. Bf4 Bxc3 17. bxc3 Rd8 18. Qg4 e5 19. Qxc8 Raxc8 20. Bxe5 Re8
21. f4 a5 22. Rd7 Red8 23. Rad1 Rxd7 24. Rxd7 Bc6 25. Rxc7 Rxc7 26. Bxc7 a4 27. Bd6 f6 28. e5 Bxg2 29. Kxg2
1-0

[Event "Transcendent Classic I"]
[Site "SchemingMind.com"]
[Date "2012.06.28"]
[Round "-"]
[White "Olli Ylönen"]
[Black "alejandro83"]
[Result "0-1"]
[WhiteCountry "FIN"]
[BlackCountry "ARG"]
[WhiteElo "1877"]
[WhiteRD "56"]
[BlackElo "1920"]
[BlackRD "75"]
[GameID "312857"]

1. e4 e6 2. d4 d5 3. Nc3 Nf6 4. Bg5 Bb4 5. e5 h6 6. Bd2 Bxc3 7. bxc3 Ne4 8. Qg4 Kf8 9. h4 c5 10. Bd3 Nxd2
11. Kxd2 Nc6 12. Nf3 Bd7 13. dxc5 Rc8 14. Nd4 Nxe5 15. Qf4 Qf6 16. Qxf6 gxf6 17. Nb3 Rg8 18. g3 Ke7 19. Rab1 Rc7 20. Na5 Bc8
21. Rhg1 Nf3+ 22. Ke3 Nxg1 23. Rxg1 Rxc5 24. Nb3 Rxc3 25. Kd4 Rc7 26. Re1 Rg4+ 27. Ke3 e5 28. Kf3 Kd6 29. Be2 Rxc2 30. Rc1 Rxc1
31. Nxc1 Rb4
0-1

[Event "Transcendent Classic I"]
[Site "SchemingMind.com"]
[Date "2012.06.26"]
[Round "-"]
[White "Transcendent"]
[Black "alejandro83"]
[Result "0-1"]
[WhiteCountry "ENG"]
[BlackCountry "ARG"]
[WhiteElo "1679"]
[WhiteRD "79"]
[BlackElo "1977"]
[BlackRD "79"]
[GameID "312858"]

1. d4 Nf6 2. c4 e6 3. g3 c5 4. d5 g6 5. Bg2 Bg7 6. Nc3 O-O 7. Nf3 exd5 8. cxd5 d6 9. O-O Re8 10. Re1 Na6
11. e4 Nc7 12. h3 b5 13. e5 dxe5 14. d6 Ne6 15. Nxe5 Rb8 16. Nc6 Qb6 17. Nxb8 Qxb8 18. Bg5 Nxg5 19. Rxe8+ Nxe8 20. d7 Bxd7
21. Qxd7 b4 22. Nd5 Bd4 23. Re1 Nf3+ 24. Bxf3 Qxg3+
0-1

[Event "Transcendent Classic I"]
[Site "SchemingMind.com"]
[Date "2012.06.26"]
[Round "-"]
[White "Michal Drus"]
[Black "alejandro83"]
[Result "1-0"]
[WhiteCountry "POL"]
[BlackCountry "ARG"]
[WhiteElo "1680"]
[WhiteRD "60"]
[BlackElo "1755"]
[BlackRD "101"]
[GameID "312859"]

1. e4 c5 2. Nf3 d6 3. d4 cxd4 4. Nxd4 Nf6 5. Nc3 a6 6. Be3 e6 7. g4 h6 8. Bg2 Be7 9. h4 Nc6 10. g5 hxg5
11. hxg5 Rxh1+ 12. Bxh1 Nd7 13. g6 fxg6 14. Nxe6 Qa5 15. Qd5 Rb8 16. Nxg7+ Kf8 17. Bh6 Qxd5 18. Nxd5 Kg8 19. Nxe7+ Nxe7 20. Ne6 Ne5
21. f4 Bxe6 22. fxe5 dxe5 23. Bg5 Kf7 24. O-O-O Nc6 25. Rf1+ Kg7 26. a3 Rc8 27. Rf2 b5 28. Kd2 Rc7 29. Bf6+ Kg8 30. Bg5 Rd7+
31. Ke1 Rf7 32. Bf6 a5 33. Bg2 Bc4 34. Bh3 Kf8 35. b3
1-0

[Event "Transcendent Classic I"]
[Site "SchemingMind.com"]
[Date "2012.06.26"]
[Round "-"]
[White "James Reed"]
[Black "alejandro83"]
[Result "0-1"]
[WhiteCountry "ENG"]
[BlackCountry "ARG"]
[WhiteElo "1520"]
[WhiteRD "132"]
[BlackElo "1883"]
[BlackRD "73"]
[GameID "312860"]

1. e4 e5 2. Nf3 Nc6 3. Bb5 a6 4. Bxc6 dxc6 5. O-O Bg4 6. h3 h5 7. hxg4 hxg4 8. Nxe5 Qh4 9. f3 g3 10. Re1 Qh1#
0-1

[Event "Transcendent Classic I"]
[Site "SchemingMind.com"]
[Date "2012.07.01"]
[Round "-"]
[White "emvarela"]
[Black "alejandro83"]
[Result "0-1"]
[WhiteCountry "ARG"]
[BlackCountry "ARG"]
[WhiteElo "1746"]
[WhiteRD "46"]
[BlackElo "1940"]
[BlackRD "78"]
[GameID "312982"]

1. e4 c5 2. Nf3 d6 3. d4 cxd4 4. Nxd4 Nf6 5. Nc3 e6 6. Be2 a6 7. O-O Be7 8. Qd3 Nbd7 9. Qg3 Ne5 10. Qxg7 Rg8
11. Qh6 Rg6 12. Qe3 Qc7 13. f4 Neg4 14. Bxg4 Nxg4 15. Qf3 d5 16. exd5 Bc5 17. Ne2 e5 18. fxe5 Qxe5 19. Qxf7+ Kd8 20. c3 Qxh2#
0-1

[Event "Transcendent Classic I"]
[Site "SchemingMind.com"]
[Date "2012.07.02"]
[Round "-"]
[White "emvarela"]
[Black "Olli Ylönen"]
[Result "1-0"]
[WhiteCountry "ARG"]
[BlackCountry "FIN"]
[WhiteElo "1757"]
[WhiteRD "48"]
[BlackElo "1906"]
[BlackRD "55"]
[GameID "312983"]

1. e4 e5 2. Nf3 Nc6 3. Bb5 a6 4. Bxc6 dxc6 5. O-O Qd6 6. Na3 b5 7. c3 c5 8. Nc2 Bb7 9. d4 cxd4 10. cxd4 exd4
11. Ncxd4 c5 12. Nf5 Qxd1 13. Rxd1 Nf6 14. e5 Ne4 15. Nd6+ Nxd6 16. exd6 Bxf3 17. gxf3 O-O-O 18. Bf4 Rd7 19. Rd5 c4 20. Rc5+ Kb7
21. Rc7+ Rxc7 22. dxc7 Bc5 23. Rd1 g5 24. Rd8 gxf4 25. c8=Q+
1-0

[Event "Transcendent Classic I"]
[Site "SchemingMind.com"]
[Date "2012.07.01"]
[Round "-"]
[White "emvarela"]
[Black "Transcendent"]
[Result "0-1"]
[WhiteCountry "ARG"]
[BlackCountry "ENG"]
[WhiteElo "1743"]
[WhiteRD "47"]
[BlackElo "1677"]
[BlackRD "70"]
[GameID "312984"]

1. e4 c6 2. d4 d5 3. Nc3 dxe4 4. Nxe4 Bf5 5. Ng3 Bg6 6. h4 h6 7. Nf3 Nd7 8. h5 Bh7 9. Bd3 Bxd3 10. Qxd3 Ngf6
11. Bf4 e6 12. O-O-O Qa5 13. Kb1 Be7 14. Ne5 O-O 15. Nxd7 Nxd7 16. Ne4 Nf6 17. Nxf6+ Bxf6 18. Qg3 Kh8 19. Be5 Bxe5 20. dxe5 Rad8
21. f4 Rd5 22. Rxd5 Qxd5 23. b3 Rd8 24. Qe3 a5 25. g4 a4 26. g5 Qxh1+
0-1

[Event "Transcendent Classic I"]
[Site "SchemingMind.com"]
[Date "2012.07.01"]
[Round "-"]
[White "emvarela"]
[Black "Michal Drus"]
[Result "1-0"]
[WhiteCountry "ARG"]
[BlackCountry "POL"]
[WhiteElo "1731"]
[WhiteRD "50"]
[BlackElo "1620"]
[BlackRD "60"]
[GameID "312985"]

1. e4 c6 2. d4 d5 3. Nc3 b5 4. a3 e6 5. e5 a5 6. Nce2 c5 7. Be3 c4 8. c3 Ne7 9. Nf3 Nbc6 10. b4 Nf5
11. Ng3 Nxe3 12. fxe3 Be7 13. Be2 h5 14. Kf2 h4 15. Nf1 g5 16. h3 f5 17. exf6 Bxf6 18. N1h2 g4 19. Nxg4 e5 20. dxe5 Bg7
21. Nf6+ Bxf6 22. exf6 Qxf6 23. Qxd5 Qg6 24. Qxb5 Qg3+ 25. Kf1 Rg8 26. Qxc6+ Kf7 27. Bxc4+
1-0

[Event "Transcendent Classic I"]
[Site "SchemingMind.com"]
[Date "2012.07.02"]
[Round "-"]
[White "emvarela"]
[Black "James Reed"]
[Result "1-0"]
[WhiteCountry "ARG"]
[BlackCountry "ENG"]
[WhiteElo "1743"]
[WhiteRD "47"]
[BlackElo "1442"]
[BlackRD "59"]
[GameID "312986"]

1. e4 c5 2. Nf3 d6 3. d4 cxd4 4. Nxd4 Nf6 5. Nc3 a6 6. Be3 e6 7. f3 b5 8. Qd2 Nbd7 9. g4 h6 10. O-O-O Bb7
11. h4 e5 12. Nf5 g6 13. Nxd6+ Bxd6 14. Qxd6 Nf8 15. Qxd8+ Rxd8 16. Rxd8+ Kxd8 17. Bb6+ Ke7 18. Bd3 N8d7 19. Be3 Ke6 20. b4 Bc6
21. Rd1 Ke7 22. Ne2 Bb7 23. Kb2 Bc6 24. c4 h5 25. g5 Nh7 26. cxb5 axb5 27. Bc2 Ra8 28. Bb3 Nhf8 29. Nc3 Ne6 30. Nd5+ Bxd5
31. Bxd5 Rc8 32. Bxe6 fxe6 33. Rc1 Rxc1 34. Kxc1 Kd6 35. Kc2 Kc6 36. Kb3 Nb8 37. a4 Na6 38. a5 Nb8 39. f4 Na6 40. f5 exf5
41. exf5 gxf5 42. g6 f4 43. g7 fxe3 44. g8=Q e2 45. Qg2+
1-0

[Event "Transcendent Classic I"]
[Site "SchemingMind.com"]
[Date "2012.07.01"]
[Round "-"]
[White "alejandro83"]
[Black "emvarela"]
[Result "1-0"]
[WhiteCountry "ARG"]
[BlackCountry "ARG"]
[WhiteElo "1977"]
[WhiteRD "79"]
[BlackElo "1717"]
[BlackRD "50"]
[GameID "312987"]

1. e4 e5 2. Nf3 Nc6 3. Bb5 f5 4. Nc3 Nf6 5. d3 d6 6. Bg5 Bd7 7. Qd2 h6 8. Bxf6 Qxf6 9. Nd5 Qd8 10. O-O-O fxe4
11. dxe4 a6 12. Be2 Be7 13. Qc3 Bg5+ 14. Kb1 Be6 15. Qb3 Bxd5 16. Qxd5 Qf6 17. h4 Bf4 18. g3 O-O-O 19. gxf4 exf4 20. Bxa6 bxa6
21. Qxc6 Rhe8 22. e5 dxe5 23. Qa8#
1-0

[Event "Transcendent Classic I"]
[Site "SchemingMind.com"]
[Date "2012.07.01"]
[Round "-"]
[White "Olli Ylönen"]
[Black "emvarela"]
[Result "1/2-1/2"]
[WhiteCountry "FIN"]
[BlackCountry "ARG"]
[WhiteElo "1812"]
[WhiteRD "55"]
[BlackElo "1759"]
[BlackRD "49"]
[GameID "312988"]

1. d4 Nf6 2. c4 e6 3. Nc3 Bb4 4. e3 O-O 5. Bd3 d5 6. Nf3 c5 7. O-O Nc6 8. a3 Bxc3 9. bxc3 dxc4 10. Bxc4 Qc7
11. Bd3 e5 12. Qc2 exd4 13. cxd4 cxd4 14. exd4 Nd5 15. Be4 Be6 16. Bxh7+ Kh8 17. Bf5 Bxf5 18. Qxf5 Nce7 19. Qh5+ Kg8 20. Re1 Rad8
21. a4 Nf6 22. Qe5 Qxe5 23. dxe5 Nfd5 24. Ba3 Rd7 25. Bxe7 Nxe7 26. e6 fxe6 27. Rxe6 Rfd8 28. g3 Nc6 29. Rae1 a6 30. Ne5 Nxe5
31. R6xe5 Rd4 32. Re8+ Rxe8 33. Rxe8+ Kf7 34. Rb8 Rxa4 35. Rxb7+ Kg6 36. Ra7 a5 37. h4 Ra2 38. Kg2 a4 39. Kh3 Rxf2 40. Rxa4 Kh6
41. Rf4 Ra2 42. Kg4 Ra5 43. Rf5=
1/2-1/2

[Event "Transcendent Classic I"]
[Site "SchemingMind.com"]
[Date "2012.07.01"]
[Round "-"]
[White "Michal Drus"]
[Black "emvarela"]
[Result "0-1"]
[WhiteCountry "POL"]
[BlackCountry "ARG"]
[WhiteElo "1620"]
[WhiteRD "60"]
[BlackElo "1731"]
[BlackRD "50"]
[GameID "312990"]

1. e4 e5 2. Nf3 Nc6 3. d4 exd4 4. Nxd4 Nxd4 5. Qxd4 Qf6 6. Be3 Be7 7. Bc4 d6 8. Nc3 Qxd4 9. Bxd4 Nf6 10. Nb5 Bd8
11. O-O-O a6 12. Bxf6 axb5 13. Bxb5+ Bd7 14. Bxd8 Kxd8 15. Bxd7 Kxd7 16. Kb1 Rhe8 17. f3 Ra5 18. Rhe1 Rae5 19. Rd4 f5 20. Rd5 Rxd5
21. Kc1 fxe4 22. Rxe4 Rxe4 23. fxe4 Re5
0-1

[Event "Transcendent Classic I"]
[Site "SchemingMind.com"]
[Date "2012.07.01"]
[Round "-"]
[White "James Reed"]
[Black "emvarela"]
[Result "0-1"]
[WhiteCountry "ENG"]
[BlackCountry "ARG"]
[WhiteElo "1442"]
[WhiteRD "59"]
[BlackElo "1743"]
[BlackRD "47"]
[GameID "312991"]

1. e4 e5 2. Nf3 Nc6 3. Bb5 a6 4. Bxc6 dxc6 5. O-O Qd6 6. Na3 b5 7. c3 c5 8. Re1 Bb7 9. d3 Nf6 10. h3 Be7
11. Bg5 h6 12. Bxf6 Bxf6 13. Nc2 O-O 14. c4 Rad8 15. Re3 bxc4 16. Nce1 cxd3 17. Nxd3 Bxe4 18. Rxe4 Qxd3 19. Qxd3 Rxd3 20. Re3 Rxe3
21. fxe3 e4 22. Nd2 Bxb2 23. Rb1 Bc3 24. Nxe4 Bb4 25. Rd1 Re8 26. Nf2 Rxe3 27. Kf1 Ra3 28. Rd7 Rxa2 29. Rxc7 a5 30. Rc8+ Kh7
31. Nd3 Rc2 32. Nxb4 axb4 33. g4 b3 34. Rb8 b2 35. Ke1 Rc1+ 36. Kd2 b1=Q 37. Rxb1 Rxb1
0-1

[Event "Transcendent Classic I"]
[Site "SchemingMind.com"]
[Date "2012.06.29"]
[Round "-"]
[White "rookie31"]
[Black "alejandro83"]
[Result "1-0"]
[WhiteCountry "IND"]
[BlackCountry "ARG"]
[WhiteElo "2185"]
[WhiteRD "58"]
[BlackElo "1883"]
[BlackRD "73"]
[GameID "313067"]

1. d4 Nf6 2. c4 e6 3. Nf3 d5 4. Bg5 Be7 5. Nc3 Nbd7 6. e3 O-O 7. Rc1 c6 8. Bd3 dxc4 9. Bxc4 Nd5 10. Bxe7 Qxe7
11. O-O Nxc3 12. bxc3 e5 13. Rb1 b5 14. Be2 e4 15. Nd2 Nf6 16. Qc2 Bf5 17. c4 a6 18. Rfd1 Rfc8 19. a4 h6 20. Rb2 Bg6
21. Qb3 Rab8 22. axb5 axb5 23. Rdb1 b4 24. c5 Nd5 25. Nc4 Rd8 26. Ne5 Qe6 27. Bc4 Rb7 28. Qa4 Nc3 29. Qa6 Qc8 30. Rc1 Kh7
31. Nxc6 Rdd7 32. Nxb4
1-0

[Event "Transcendent Classic I"]
[Site "SchemingMind.com"]
[Date "2012.07.01"]
[Round "-"]
[White "rookie31"]
[Black "emvarela"]
[Result "1-0"]
[WhiteCountry "IND"]
[BlackCountry "ARG"]
[WhiteElo "2211"]
[WhiteRD "63"]
[BlackElo "1717"]
[BlackRD "50"]
[GameID "313068"]

1. d4 Nf6 2. c4 e6 3. Nf3 Bb4+ 4. Bd2 Bxd2+ 5. Nbxd2 O-O 6. e4 d6 7. Qc2 c5 8. e5 dxe5 9. dxe5 Nfd7 10. Bd3 Nc6
11. Bxh7+ Kh8 12. Be4 f5 13. Bxc6 bxc6 14. h4 Nb6 15. h5 Qc7 16. O-O-O Bb7 17. g4 Nd7 18. h6 g6 19. gxf5 exf5 20. Qc3
1-0

[Event "Transcendent Classic I"]
[Site "SchemingMind.com"]
[Date "2012.06.29"]
[Round "-"]
[White "rookie31"]
[Black "Olli Ylönen"]
[Result "1-0"]
[WhiteCountry "IND"]
[BlackCountry "FIN"]
[WhiteElo "2200"]
[WhiteRD "61"]
[BlackElo "1845"]
[BlackRD "53"]
[GameID "313069"]

1. d4 d5 2. c4 e6 3. Nf3 Nf6 4. Nc3 Be7 5. Bg5 O-O 6. e3 h6 7. Bh4 b6 8. Rc1 Bb7 9. cxd5 Nxd5 10. Bxe7 Qxe7
11. Nxd5 Bxd5 12. Bd3 Rc8 13. O-O c5 14. e4 Bb7 15. dxc5 Rxc5 16. b4 Rxc1 17. Qxc1 Qxb4 18. Qc7 Bxe4 19. Qd8+ Kh7 20. Qh4 f5
21. Re1 Qc3 22. Bxe4 fxe4 23. Qxe4+ Kh8 24. Qxa8 Qc7 25. Rxe6 Kh7 26. Qe4+
1-0